| 000 | 00377nam a2200133Ia 4500 | ||
|---|---|---|---|
| 005 | 20260328101507.0 | ||
| 008 | 260328s9999||||xx |||||||||||||| ||und|| | ||
| 100 | _aKoch, Wilfried | ||
| 245 | 0 |
_aLos Estilos de la Arquitectura : _b Un Manual para los aficionados al Arte / _cWilfried Koch |
|
| 260 | _bCĂrculo de Lectores | ||
| 300 | _a223 p. | ||
| 650 | _aHISTORIA | ||
| 942 | _cBK | ||
| 999 |
_c9066 _d9066 |
||